GPS : Que es, para que sirve, como se usa (Registro nro. 579)
[ vista simple ]
| 000 -LEADER | |
|---|---|
| fixed length control field | 00834nam a2200253Ia 4500 |
| 005 - DATE AND TIME OF LATEST TRANSACTION | |
| control field | 20251020182442.0 |
| 008 - FIXED-LENGTH DATA ELEMENTS--GENERAL INFORMATION | |
| fixed length control field | 200515s9999 xx 000 0 und d |
| 020 ## - INTERNATIONAL STANDARD BOOK NUMBER | |
| International Standard Book Number | 84-7486-085-7 |
| 082 ## - DEWEY DECIMAL CLASSIFICATION NUMBER | |
| Classification number | 528.814/D70 |
| 100 ## - MAIN ENTRY--PERSONAL NAME | |
| Personal name | Dixon, Conrad |
| 245 #0 - TITLE STATEMENT | |
| Title | GPS : Que es, para que sirve, como se usa |
| 250 ## - EDITION STATEMENT | |
| Edition statement | 2a ed. |
| 260 ## - PUBLICATION, DISTRIBUTION, ETC. | |
| Place of publication, distribution, etc. | Barcelona |
| 260 ## - PUBLICATION, DISTRIBUTION, ETC. | |
| Name of publisher, distributor, etc. | Editorial Noray |
| 260 ## - PUBLICATION, DISTRIBUTION, ETC. | |
| Date of publication, distribution, etc. | 1997 |
| 300 ## - PHYSICAL DESCRIPTION | |
| Extent | 95 p. |
| 300 ## - PHYSICAL DESCRIPTION | |
| Other physical details | il., tbl., graf., fot. |
| 500 ## - GENERAL NOTE | |
| General note | 1 ejemplar |
| 520 ## - SUMMARY, ETC. | |
| Summary, etc. | Concebido para quienes quieran adquirir o profundizar en el GPS, trata de ayudar a los usuarios a obtener el máximo de sus aparatos y a utilizar todas sus funciones, desde cómo obtener una simple posición y rumbo a seguir, a cómo conectarlo a un radar, lo |
| 650 ## - SUBJECT ADDED ENTRY--TOPICAL TERM | |
| Topical term or geographic name entry element | GPS |
| 650 ## - SUBJECT ADDED ENTRY--TOPICAL TERM | |
| Topical term or geographic name entry element | TOPOGRAFIA |
| 942 ## - ADDED ENTRY ELEMENTS (KOHA) | |
| Koha item type | Libros |
| Fecha de la última vez que lo usaron | Pago total | Signatura topográfica completa | Código de barras | Precio efectivo desde | Tipo de documento | Estado perdido | Estado dañado | No es para préstamo | Retirado | Ubicación permanente | Ubicación actual | Fecha de adquisición |
|---|---|---|---|---|---|---|---|---|---|---|---|---|
| 15/05/2020 | 528.814/D70 | Bib-Lima15050579 | 15/05/2020 | Libros | Biblioteca Central Lima | Biblioteca Central Lima | 15/05/2020 |